Planety Układu Słonecznego z obrazkami - Statystyki

Ogólne statystyki
  • Ten quiz został rozwiązany 5 747 razy
  • Średni wynik to 7 z 8
Statystyki odpowiedzi
Obrazkowy Odpowiedź % Poprawnych
Ziemia
100%
Saturn
99%
Mars
96%
Jowisz
93%
Neptun
93%
Uran
86%
Wenus
86%
Merkury
85%
Nie znaleziono quizów pasujących do podanych kryteriów
Rozkład punktacji
Procent ludzi z każdym wynikiem
Percentyl według liczby udzielonych odpowiedzi
Twoja historia wyników
Nie rozwiązałeś tego quizu